MDQL
is popping MORE tags! Check the
thread
!
Quizzes
Events
Quiz Creation
Community
Videos
Private Events
Remove Ads
Sign In
Join for FREE
Feedback
Dark Mode
Quiz Categories
Sports
Geography
Music
Movies
Television
Just For Fun
Miscellaneous
History
Literature
Language
Science
Gaming
Entertainment
Religion
Holiday
For Kids
Quiz Lab
Recent
Popular Today
Quiz Kudos Today
Editor Picks
Curator Picks
Quizzes by...
Day
Popularity
Type
Ratings
Length
Year
Community
Subscriptions
Recent Discussions
Orange Saloon
Badges
Playlists
Quests
Create
Leaderboards
Showdown
Live 5
Trivia Bingo
Activity
Puzzle Library
Sporcle Events
Private Events
Virtual Trivia
Globe League
Become a Host
Pub Owners
SporcleCon
Opinionation
Our Games
Videos
Blog
Mobile Apps
Partnerships
Remove Ads and Go Orange
Feedback
Geography
Country
Landmarks
City
State
Population
World
Capital
Continent
Flags
Europe
Africa
Asia
South America
North America
Oceania
Border
Canada
United Kingdom
Topography
United States
Geography
Country
Landmarks
City
State
Population
World
Capital
Continent
Flags
Europe
Africa
Asia
South America
North America
Oceania
Border
Canada
United Kingdom
Topography
United States
Random Quiz
Search Sporcle
×
Quiz Lab
Quiz Lab
Geography
Population
Type in answers that appear in a list
Type in answers that appear in a list
Classic
Best Score? Go Orange.
Cities in North Dakota by letter Stats
Can you name the largest cities in North Dakota starting with each letter?
By
Robzle
18m
124 Questions
129 Plays
129 Plays
129 Plays
Comments
Comments
Give Quiz Kudos
Give Quiz Kudos
-
- Ratings
hide this ad
Replay
Link that replays current quiz
Next Quiz
Link to next quiz in quiz playlist
You Got
0%
They Got
Avg Score
33%
Avg Friend Score
Upgrade to see
Score Distribution
Jump to the score distribution portion of the page
Score
0/124
Timer
18:00
0
Plays Today
Letter
City
% Correct
B
Bismarck
92.2%
F
Fargo
90.7%
G
Grand Forks
88.4%
M
Minot
82.9%
W
West Fargo
79.8%
J
Jamestown
72.9%
D
Dickinson
67.4%
W
Williston
63.6%
D
Devils Lake
58.1%
M
Mandan
58.1%
A
Ashley
50.4%
Z
Zap
50.4%
V
Valley City
49.6%
B
Beulah
47.3%
B
Bottineau
46.5%
L
Lincoln
46.5%
C
Casselton
45.7%
N
New Town
45.7%
Y
York
45.7%
G
Grafton
44.2%
A
Alexander
43.4%
W
Wahpeton
42.6%
O
Oakes
42.6%
W
Watford City
41.9%
A
Arthur
41.9%
N
New Salem
41.1%
T
Tioga
41.1%
A
Argusville
40.3%
B
Bowman
40.3%
B
Burlington
39.5%
C
Center
38.8%
R
Rugby
38.8%
T
Thompson
38.8%
H
Hazen
38%
I
Inkster
38%
C
Cando
37.2%
C
Carrington
37.2%
L
Lisbon
36.4%
P
Portland
36.4%
R
Ray
36.4%
B
Beach
35.7%
E
Elgin
35.7%
Letter
City
% Correct
H
Horace
35.7%
U
Underwood
35.7%
V
Velva
35.7%
C
Cavalier
34.9%
E
Ellendale
34.9%
C
Crosby
34.1%
G
Garrison
34.1%
T
Towner
34.1%
T
Turtle Lake
34.1%
C
Cooperstown
33.3%
K
Killdeer
33.3%
O
Oxbow
33.3%
S
Stanley
33.3%
P
Pembina
32.6%
B
Belfield
31.8%
B
Bowbells
31.8%
K
Kenmare
31.8%
P
Park River
31.8%
R
Rolla
31.8%
F
Finley
30.2%
H
Hettinger
30.2%
H
Hillsboro
30.2%
N
Napoleon
30.2%
N
Northwood
30.2%
N
New Rockford
29.5%
B
Buxton
28.7%
F
Fessenden
28.7%
N
New England
28.7%
P
Parshall
28.7%
D
Dunseith
27.9%
E
Edgeley
27.9%
S
St. John
27.9%
W
Washburn
27.9%
L
LaMoure
26.4%
D
Drayton
25.6%
N
Neche
25.6%
R
Reile's Acres
25.6%
B
Berthold
24.8%
F
Fairmount
24.8%
G
Glenburn
24.8%
L
Lakota
24.8%
E
Emerado
24%
Letter
City
% Correct
H
Harvey
24%
K
Kulm
24%
R
Rolette
24%
W
Wilton
24%
E
Enderlin
23.3%
M
Mayville
23.3%
S
Surrey
23.3%
G
Gwinner
22.5%
S
South Heart
22.5%
G
Gladstone
21.7%
H
Hankinson
21.7%
L
Larimore
21.7%
S
Strasburg
21.7%
W
Wishek
21.7%
G
Glen Ullin
20.9%
S
St. Thomas
20.9%
S
Steele
20.9%
W
Westhope
20.9%
L
Langdon
20.2%
R
Reynolds
20.2%
W
Walhalla
20.2%
M
Mapleton
19.4%
M
Mohall
19.4%
F
Forman
18.6%
M
Mott
18.6%
R
Richardton
18.6%
W
Wyndmere
18.6%
K
Kindred
17.8%
S
Stanton
17.8%
H
Hebron
16.3%
M
Minto
16.3%
L
Linton
14.7%
M
McClusky
14.7%
S
Sawyer
14.7%
H
Harwood
14%
H
Hatton
12.4%
L
Leeds
10.9%
L
Lidgerwood
9.3%
M
Maddock
7.8%
M
Milnor
7%
Quiz Playlist
Details
Report
Send in Message
Add To Playlist
Classic:
Type in answers that appear in a list
Last Updated: Aug 16, 2017
Quiz Scoreboard
CHALLENGE
Sign Up to Join the Scoreboard
Show All
Scores
Hide
Comments
May contain spoilers
Recently Published
Holiday 10x10 Sorting Gallery
by lukepisani3
Holiday
15m
Two Season TV Shows II
by 123Four
Television
10m
Image Sorting: Flags VI
by Barbecue
Geography
2m
More to Explore
Quiz From the Vault
Featured Blog Post
14 Easter Pick-up Lines to Find Eggs With
hide this ad
You Might Also Like...
Tags
City Quiz
Letter Quiz
Population Quiz
largest
North Dakota
Starting
Today's Top Quizzes in Geography
Browse Geography
hide this ad
Today's Top Quizzes in Population
Browse Population
Top Contributed Quizzes in Geography
1
Colored Red Europe Blitz I
2
Countries of the World - No Outlines Minefield
3
Colored Red Africa Blitz II
4
Colored Red Europe Blitz II
5
Colored Red Europe Blitz III
6
Colored Red Africa Blitz III
7
Colored Red States Blitz I
8
A Different View: World Oceans
9
Colored Red States Blitz II
10
Colored Red States Blitz III
Explore More
Trending Topics
Marvel
NBA
Anime
Crossword
Kpop
Disney
Harry Potter
Soccer
NFL
Pokémon
WWE
Country
Song
The Office
Puzzle
hide this ad
More By:
Robzle
Quiz
Plays
Rating
Category
Featured
Created
100k 'C' US Cities
11,906
4.66
Geography
Jun 2, 2017
100k 'A' US Cities
11,328
4.79
Geography
Jun 2, 2017
100k 'M' US Cities
8,575
4.67
Geography
Jun 3, 2017
100k 'B' US Cities
8,478
4.89
Geography
Jun 1, 2017
Quick Pick: Islands of the United Kingdom
8,440
4.65
Just For Fun
May 2, 2018
Go to Creator's Profile
Score Distribution
Quiz Creator Spotlight
Robzle
Follow
Send a Message
Quizzes Created
-
Created Quiz Play Count
-
More By This Creator
Popular Quizzes Today
1
Find the US States - No Outlines Minefield
2
Colored Red Africa Blitz
3
Find the 'City' Movie
4
The Countries of the World
5
Find the US States
6
5x2 Blitz: Bands
7
Find the Countries of Europe - No Outlines Minefield
8
US States
More Geography Quizzes
Minefield Map: African Capitals
Published
Trending Quizzes
Colored Red Europe Blitz I
Colored Red Europe Blitz II
Colored Red Africa Blitz II
Colored Red Europe Blitz III
Colored Red Africa Blitz III
Recently Updated
Odd Team Out - Big 4 Players
pecheneg
Quick Pick: 20 Twenties
pecheneg
March Madness Men's Triple Doubles
pecheneg
How Do You Spell That?
pecheneg
Godzilla Movies
pecheneg
Grab Bag: 4-10 Letters
pecheneg
2024 March Madness Bracket
pecheneg
Famous TV Couples
Peacemaker
Champions League XIs: Real Madrid
pecheneg
Largest US Cities 1790-2010
pecheneg
Trending Topics
Disney
Kpop
Marvel
Anime
Harry Potter
Crossword
NBA
Soccer
Puzzle
WWE
The Office
Song
NFL
Pokémon
Country
Your Account Isn't Verified!
In order to create a playlist on Sporcle, you need to verify the email address you used during registration. Go to your
Sporcle Settings
to finish the process.
Report this User
Report this user for behavior that violates our
Community Guidelines
.
Details:
Send Report
Go to the Sporcle.com Mobile Site →
Comments